[Event "It"]
[Site "It Moscow"]
[Date "1985.??.??"]
[Round "?"]
[White "Gavrikov, Viktor N"]
[Black "Smyslov, Vassily V"]
[Result "0-1"]
[WhiteElo "2550"]
[BlackElo "2600"]
[PlyCount "44"]
[EventDate "1985.??.??"]
[Source "www.chesslib.no"]
[SourceDate "2004.05.04"]

1. d4 d5 2. Nf3 Nf6 3. e3 e6 4. Bd3 c5 5. b3 Nc6 6. Bb2 Bd6 7. O-O Qc7 8. a3 b6 9. c4 Bb7 10. Nc3 a6 11. Re1 cxd4 12. exd4 O-O 13. Na4 Bf4 14. Ne5 dxc4 15. bxc4 Nxe5 16. dxe5 Qc6 17. Bf1 Rfd8 18. Qb3 Ng4 19. h3 Rd3 20. Qxb6 Rxh3 21. Bd4 Bh2+ 22. Kh1 Bxe5+ 0-1

[Event "6. EICC"]
[Site "?"]
[Date "2005.06.26"]
[Round "8"]
[White "Lputian Smbat G"]
[Black "Mista Aleksander"]
[Result "0-1"]
[WhiteElo "2640"]
[BlackElo "2497"]
[PlyCount "76"]
[EventDate "2005.??.??"]
[Source "www.chesslib.no"]
[SourceDate "2004.05.04"]

1. d4 d5 2. Nf3 Nf6 3. e3 e6 4. Bd3 Nbd7 5. O-O Bd6 6. Nbd2 O-O 7. c4 b6 8. b3 Bb7 9. Bb2 Qe7 10. Ne5 Rfd8 11. f4 Ne4 12. cxd5 exd5 13. Bxe4 dxe4 14. Qc2 Nf6 15. Nc6 Bxc6 16. Qxc6 Qe6 17. Nc4 Nd5 18. a4 a6 19. Nxd6 Qxd6 20. Qxd6 cxd6 21. Kf2 Rac8 22. Rfc1 Nb4 23. Rxc8 Rxc8 24. Ba3 Nd3+ 25. Kg3 Rc3 26. Bxd6 Rc6 27. Bb8 Rg6+ 28. Kh4 Rxg2 29. f5 Rf2 30. Kg4 Rf3 31. Bg3 Rxe3 32. b4 Rf3 33. b5 axb5 34. axb5 h5+ 35. Kg5 Kh7 36. Be5 e3 37. f6 gxf6+ 38. Bxf6 e2 0-1

[Event "8th Neckar Open"]
[Site "Deizisau"]
[Date "2004.04.10"]
[Round "4"]
[White "Shengelia, Davit"]
[Black "Pavasovic, Dusko"]
[Result "1/2-1/2"]
[WhiteElo "2496"]
[BlackElo "2615"]
[PlyCount "63"]
[EventDate "2004.04.08"]
[Source "Roberto Alvarez"]
[SourceDate "2004.04.12"]

1. d4 d5 2. Nf3 Nf6 3. e3 e6 4. Bd3 c5 5. b3 Nc6 6. O-O Qc7 7. a3 Be7 8. Bb2 b6 9. Nbd2 Bb7 10. Qe2 O-O 11. dxc5 bxc5 12. e4 d4 13. Nc4 Nd7 14. e5 Na5 15. Nxa5 Qxa5 16. Rae1 Qc7 17. Bc1 Bxf3 18. gxf3 Rfe8 19. Kh1 Nf8 20. Rg1 f5 21. exf6 Bxf6 22. Rg4 Re7 23. Bf4 e5 24. Bg5 Ng6 25. Bc1 Nh4 26. Rg3 Ng6 27. Rgg1 Nf8 28. Qe4 Ree8 29. h4 Nd7 30. Bf4 Nb6 31. h5 Nd5 32. Ra1 1/2-1/2

[Event "Salona 60'"]
[Site "?"]
[Date "2002.12.19"]
[Round "16"]
[White "Kovacevic Vlatko"]
[Black "Pavasovic Dusko"]
[Result "1-0"]
[WhiteElo "2500"]
[BlackElo "2581"]
[PlyCount "119"]
[EventDate "2002.??.??"]
[Source "www.chesslib.no"]
[SourceDate "2004.05.04"]

1. d4 d5 2. Nf3 Nf6 3. e3 e6 4. Bd3 c5 5. O-O Nc6 6. b3 Be7 7. Bb2 O-O 8. Nbd2 b6 9. a3 Bb7 10. Re1 Qc7 11. Rc1 Rad8 12. Qe2 Rfe8 13. Ne5 Nxe5 14. dxe5 Nd7 15. f4 Nf8 16. c4 dxc4 17. Bxc4 Rd7 18. e4 Bc6 19. a4 Ng6 20. g3 Bf8 21. Nf3 Qb7 22. Bc3 Rb8 23. Ba6 Qa8 24. Nd2 Ne7 25. h4 Bb7 26. Bc4 Nc6 27. f5 Re8 28. Qg4 exf5 29. exf5 Rxd2 30. e6 fxe6 31. Rxe6 Rxe6 32. Bxe6+ Kh8 33. Bxd2 Nd4 34. Rf1 Nf3+ 35. Rxf3 Bxf3 36. Qf4 Bh1 37. Qf1 Be7 38. Bc3 Bf6 39. Bxf6 gxf6 40. Kh2 Bf3 41. Qd3 Bh1 42. Qd2 Kg7 43. Qe2 Bf3 44. Qe1 h5 45. Bc4 Qe4 46. Qxe4 Bxe4 47. Be6 Kf8 48. Kg1 Ke7 49. Kf2 Kd6 50. g4 hxg4 51. h5 Ke7 52. h6 Kf8 53. Kg3 Bf3 54. Bc4 Bd1 55. Kh4 Bf3 56. Be6 Bd1 57. Bd5 Be2 58. Kh5 Bf3 59. Kg6 Bxd5 60. h7 1-0

[Event "JUG-ch"]
[Site "Novi Sad"]
[Date "1995.??.??"]
[Round "?"]
[White "Kosic, Dragan"]
[Black "Drasko, Milan"]
[Result "1/2-1/2"]
[WhiteElo "2500"]
[BlackElo "2510"]
[PlyCount "50"]
[EventDate "1995.02.??"]
[Source "ChessBase"]

1. d4 d5 2. Nf3 Nf6 3. e3 e6 4. Bd3 c5 5. b3 Nc6 6. Bb2 Qc7 7. Nbd2 cxd4 8. Nxd4 Bd7 9. O-O a6 10. f4 Nxd4 11. exd4 Bd6 12. Qf3 O-O 13. c4 dxc4 14. bxc4 Bc6 15. Qe3 Ng4 16. Qg3 f5 17. h3 Nf6 18. Qe3 Rfe8 19. Rac1 Rad8 20. Qf2 Bb4 21. Nb3 Be4 22. Bxe4 Nxe4 23. Qe3 Be7 24. g4 Qb6 25. Rc2 Bf8 1/2-1/2

[Event "Alcobendas Open"]
[Site "Alcobendas"]
[Date "1994.??.??"]
[Round "2"]
[White "Ubilava, Elizbar E"]
[Black "San Segundo Carrillo, Pablo"]
[Result "0-1"]
[WhiteElo "2535"]
[BlackElo "2470"]
[PlyCount "84"]
[EventDate "1994.11.??"]
[Source "www.chesslib.no"]
[SourceDate "2004.05.04"]

1. d4 d5 2. Nf3 Nf6 3. e3 e6 4. Bd3 c5 5. b3 Nbd7 6. O-O b6 7. Bb2 Bb7 8. Ne5 Be7 9. Nd2 O-O 10. Qe2 Ne4 11. Bxe4 dxe4 12. Nxd7 Qxd7 13. dxc5 Bxc5 14. Rfd1 Qe7 15. Nf1 a5 16. Ng3 a4 17. Qg4 f6 18. Nh5 Kh8 19. a3 Rf7 20. b4 Bd6 21. Rd2 b5 22. Qe2 Qc7 23. Rad1 Bd5 24. Nf4 Bxf4 25. exf4 Qxf4 26. Qxb5 e3 27. fxe3 Qxe3+ 28. Kh1 Rc7 29. Bd4 Qxa3 30. Bb6 Rc3 31. Bd4 Rc7 32. Bb6 Rc3 33. Bd4 Rc4 34. Bc5 h6 35. Qd7 Rxc5 36. bxc5 Qxc5 37. c4 Qxc4 38. Rd4 Qe2 39. R4d2 Qe4 40. Rf1 a3 41. Qc7 Qb4 42. Qc1 a2 0-1

[Event "Timishoara ROM"]
[Site "?"]
[Date "2006.03.21"]
[Round "4"]
[White "Malaniuk Vladimir P"]
[Black "Moldovan Daniel"]
[Result "1/2-1/2"]
[WhiteElo "2532"]
[BlackElo "2425"]
[PlyCount "46"]
[EventDate "2006.??.??"]
[Source "www.chesslib.no"]
[SourceDate "2004.05.04"]

1. d4 d5 2. Nf3 Nf6 3. e3 e6 4. Bd3 Be7 5. O-O O-O 6. b3 a5 7. a3 b6 8. c4 Ba6 9. Nc3 c5 10. Bb2 Nbd7 11. Rc1 cxd4 12. exd4 dxc4 13. bxc4 Rc8 14. Qe2 Re8 15. Rfd1 Qc7 16. Nb5 Qb8 17. Ne5 g6 18. a4 Qb7 19. f4 Qa8 20. Qe3 Bb7 21. Bf1 Nf8 22. Kh1 Ne4 23. Ng4 f5 1/2-1/2

[Event "19. Winter Open"]
[Site "?"]
[Date "2003.12.30"]
[Round "7"]
[White "Abergel Thal"]
[Black "Lazarev Vladimir"]
[Result "1/2-1/2"]
[WhiteElo "2430"]
[BlackElo "2526"]
[PlyCount "24"]
[EventDate "2003.??.??"]
[Source "www.chesslib.no"]
[SourceDate "2004.05.04"]

1. d4 d5 2. Nf3 Nf6 3. e3 e6 4. Bd3 c5 5. b3 Nc6 6. O-O Bd6 7. Bb2 O-O 8. Nbd2 Qe7 9. Ne5 cxd4 10. exd4 Ba3 11. Bxa3 Qxa3 12. c3 Nd7 1/2-1/2

[Event "It (Open) Las Palmas ESP"]
[Site "?"]
[Date "2005.12.01"]
[Round "8.3"]
[White "Kurajica Bojan"]
[Black "Zambrana Oswaldo"]
[Result "1-0"]
[WhiteElo "2532"]
[BlackElo "2409"]
[PlyCount "77"]
[EventDate "2005.??.??"]
[Source "www.chesslib.no"]
[SourceDate "2004.05.04"]

1. d4 d5 2. Nf3 Nf6 3. e3 e6 4. Bd3 c5 5. b3 Nc6 6. O-O Be7 7. Bb2 O-O 8. Nbd2 b6 9. a3 Bb7 10. Qe2 Nd7 11. c4 Bf6 12. Rab1 Re8 13. Rfe1 Rc8 14. cxd5 exd5 15. Qf1 Nf8 16. Bf5 Rc7 17. Qd3 cxd4 18. Nxd4 Nxd4 19. Bxd4 g6 20. Bh3 Ne6 21. Bxf6 Qxf6 22. Nf3 Rc3 23. Qb5 Rd8 24. Bxe6 fxe6 25. Rbc1 Rf8 26. Qa4 a5 27. Rxc3 Qxc3 28. Qd4 Qxb3 29. Ne5 Qxa3 30. Qxb6 Bc8 31. Qd4 Qd6 32. Ng4 e5 33. Nxe5 Be6 34. Ra1 Ra8 35. f4 Qc7 36. h3 Rc8 37. Kh2 Qd8 38. Rb1 Rb8 39. Nc6 1-0

[Event "Tbilisi tt"]
[Site "Tbilisi GEO"]
[Date "1986.??.??"]
[Round "?"]
[White "Pinter, Jozsef"]
[Black "Adamski, Jan"]
[Result "1-0"]
[WhiteElo "2555"]
[BlackElo "2380"]
[PlyCount "71"]
[EventDate "1986.??.??"]
[Source "www.chesslib.no"]
[SourceDate "2004.05.04"]

1. d4 d5 2. Nf3 Nf6 3. e3 e6 4. Bd3 Nbd7 5. O-O b6 6. a4 a6 7. Nbd2 Bb7 8. Qe2 Be7 9. c3 Ne4 10. Bc2 Nxd2 11. Bxd2 O-O 12. b4 c5 13. Rfc1 Bd6 14. Rab1 Bc6 15. h3 Qe7 16. dxc5 bxc5 17. e4 dxe4 18. Bxe4 Bxe4 19. Qxe4 Nf6 20. Qe2 cxb4 21. cxb4 Nd5 22. Nd4 Qd7 23. Nc6 Rfc8 24. b5 axb5 25. axb5 Ra2 26. Qd1 h6 27. Be1 Raa8 28. Rc4 Qb7 29. Qc1 Bc7 30. Bd2 h5 31. Bc3 Bf4 32. Qc2 g6 33. Ba1 Bg5 34. Bd4 Bf6 35. Bxf6 Nxf6 36. Ne7+ 1-0

[Event "ESP-chT"]
[Site "Ponferrada"]
[Date "1997.??.??"]
[Round "4"]
[White "Franco Ocampos, Zenon"]
[Black "Mitkov, Nikola"]
[Result "1/2-1/2"]
[WhiteElo "2480"]
[BlackElo "2455"]
[PlyCount "24"]
[EventDate "1997.08.29"]
[Source "ChessBase"]
[SourceDate "1997.11.24"]

1. d4 d5 2. Nf3 Nf6 3. e3 e6 4. Bd3 Bd6 5. b3 O-O 6. Bb2 Nbd7 7. O-O Ne4 8. Ne5 f6 9. Nxd7 Bxd7 10. f3 Ng5 11. c4 c6 12. Nc3 f5 1/2-1/2

[Event "Quebec Open"]
[Site "Montreal"]
[Date "2003.07.23"]
[Round "9"]
[White "Legky, Nikolay A"]
[Black "Mikhalevski, Alexander"]
[Result "1-0"]
[WhiteElo "2482"]
[BlackElo "2439"]
[PlyCount "49"]
[EventDate "2003.07.19"]
[Source "Roberto Alvarez"]
[SourceDate "2003.08.04"]

1. d4 d5 2. Nf3 Nf6 3. e3 e6 4. Bd3 c5 5. b3 Nc6 6. O-O Qc7 7. c4 dxc4 8. bxc4 Bd6 9. Nc3 a6 10. Bb2 O-O 11. d5 Ne7 12. Qc2 h6 13. Rad1 Kh8 14. Qc1 exd5 15. Nxd5 Nfxd5 16. cxd5 Bg4 17. e4 f6 18. Be2 Bxf3 19. Bxf3 Bxh2+ 20. Kh1 Bf4 21. Qc2 Rac8 22. g3 Be5 23. Ba1 b6 24. Bg2 Qd6 25. f4 1-0

[Event "Athens Akropolis-A"]
[Site "Athens GRE"]
[Date "1988.??.??"]
[Round "?"]
[White "Skembris, Spyridon"]
[Black "Geller, Efim P"]
[Result "1/2-1/2"]
[WhiteElo "2415"]
[BlackElo "2505"]
[PlyCount "64"]
[EventDate "1988.??.??"]
[Source "www.chesslib.no"]
[SourceDate "2004.05.04"]

1. d4 d5 2. Nf3 Nf6 3. e3 e6 4. Bd3 c5 5. b3 Nc6 6. Bb2 cxd4 7. exd4 Bb4+ 8. c3 Be7 9. O-O O-O 10. Nbd2 Bd7 11. Qe2 Rc8 12. Rad1 Qa5 13. a3 Rfd8 14. Kh1 Be8 15. Ng5 h6 16. Nh3 Nb8 17. f4 Bf8 18. Nf2 Rxc3 19. b4 Qc7 20. Bxc3 Qxc3 21. Nb1 Qc7 22. Ng4 Nxg4 23. Qxg4 Nc6 24. Bb5 g6 25. Bxc6 Qxc6 26. Rc1 Qb6 27. Qh4 Bg7 28. Rfd1 Ra8 29. Rc5 Qd6 30. Qf2 b6 31. Rc3 Bd7 32. Rdc1 a5 1/2-1/2

[Event "Bayamo"]
[Site "Bayamo"]
[Date "1991.??.??"]
[Round "?"]
[White "Remon, Adelquis"]
[Black "Diaz, Joaquin C"]
[Result "1-0"]
[WhiteElo "2470"]
[BlackElo "2430"]
[PlyCount "53"]
[EventDate "1991.??.??"]
[Source "www.chesslib.no"]
[SourceDate "2004.05.04"]

1. d4 d5 2. Nf3 Nf6 3. e3 e6 4. Bd3 c5 5. O-O Nc6 6. b3 Bd6 7. Bb2 O-O 8. a3 a6 9. Nbd2 b5 10. dxc5 Bxc5 11. e4 Bb7 12. e5 Nd7 13. Qe2 Re8 14. c4 bxc4 15. bxc4 Nb6 16. h4 Be7 17. cxd5 exd5 18. e6 Bxh4 19. exf7+ Kxf7 20. Ne5+ Nxe5 21. Qh5+ Kf8 22. Bxe5 Bf6 23. f4 Nc4 24. Nf3 h6 25. Rab1 Bc8 26. Bxc4 dxc4 27. Rfd1 1-0

[Event "Ch Norway (team) 1998/99"]
[Site "Norway"]
[Date "1998.??.??"]
[Round "1"]
[White "Gnojsky"]
[Black "Rubene, Ilze"]
[Result "1/2-1/2"]
[WhiteElo "2435"]
[BlackElo "2455"]
[PlyCount "86"]
[EventDate "1998.??.??"]
[Source "www.chesslib.no"]
[SourceDate "2004.05.04"]

1. d4 d5 2. Nf3 Nf6 3. e3 e6 4. Bd3 c5 5. b3 Nc6 6. O-O Bd6 7. Bb2 Qc7 8. c4 Nb4 9. Be2 dxc4 10. bxc4 O-O 11. Nbd2 Rd8 12. Qb3 b6 13. a3 Nc6 14. d5 Ne5 15. Qc3 Nxf3+ 16. Bxf3 exd5 17. Bxd5 Bb7 18. Ne4 Be7 19. Rad1 b5 20. Ng5 Bxd5 21. cxd5 Bf8 22. Qc2 h6 23. Bxf6 hxg5 24. Bxd8 Rxd8 25. Qf5 c4 26. d6 Rxd6 27. Qxb5 c3 28. Rxd6 Qxd6 29. Qb3 Qxa3 30. Qc2 a5 31. Rb1 a4 32. Kf1 g6 33. Ke2 Be7 34. Rb8+ Kg7 35. Ra8 Qb2 36. Kd1 Qb5 37. Qxc3+ Bf6 38. Qc8 Qf1+ 39. Kc2 Qxf2+ 40. Kd3 Qf1+ 41. Kd2 Qxg2+ 42. Kd3 Qf1+ 43. Kd2 Qg2+ 1/2-1/2

[Event "Atlantic op"]
[Site "Washington DC"]
[Date "1997.??.??"]
[Round "3"]
[White "Filatov, Leonid"]
[Black "Ziatdinov, Raset"]
[Result "0-1"]
[WhiteElo "2330"]
[BlackElo "2535"]
[PlyCount "88"]
[EventDate "1997.??.??"]
[Source "www.chesslib.no"]
[SourceDate "2004.05.04"]

1. d4 d5 2. Nf3 Nf6 3. e3 e6 4. Bd3 b6 5. Nbd2 Bb7 6. Ne5 Be7 7. O-O O-O 8. f4 Ne4 9. Nxe4 dxe4 10. Be2 f6 11. Ng4 Qd7 12. b3 Rd8 13. Bb2 a5 14. c4 a4 15. Qc2 Nc6 16. Rfd1 Nb4 17. Qd2 c5 18. Bc3 Nd3 19. Bxd3 exd3 20. Nf2 b5 21. cxb5 cxd4 22. exd4 axb3 23. axb3 Qxb5 24. Rab1 Rac8 25. Re1 Rxc3 26. Qxc3 Qd5 27. Ne4 f5 28. Qxd3 fxe4 29. Qc4 Qxd4+ 30. Qxd4 Rxd4 31. Red1 Bc5 32. Rxd4 Bxd4+ 33. Kf1 Ba6+ 34. Ke1 Bc3+ 35. Kf2 Bd2 36. b4 e3+ 37. Kf3 e2 38. Kf2 Kf7 39. g4 Ke7 40. h4 Kd6 41. h5 Bb5 42. g5 Kd5 43. g6 hxg6 44. hxg6 Ke4 0-1

[Event "Baku"]
[Site "Baku"]
[Date "1983.??.??"]
[Round "?"]
[White "Malaniuk, Vladimir P"]
[Black "Toshkov, Tihomir"]
[Result "1-0"]
[WhiteElo "2485"]
[BlackElo "2375"]
[PlyCount "149"]
[EventDate "1983.11.??"]
[Source "ChessBase"]

1. d4 d5 2. Nf3 Nf6 3. e3 e6 4. Bd3 c5 5. b3 Nc6 6. O-O Be7 7. Bb2 O-O 8. Nbd2 cxd4 9. exd4 b6 10. a3 Bb7 11. Qe2 g6 12. b4 Rc8 13. Nb3 Ne4 14. b5 Nb8 15. Rfe1 Nd7 16. Qf1 Nd6 17. Bc1 Nc4 18. Qe2 Re8 19. Ne5 Bd6 20. f4 Qc7 21. Rf1 Bf8 22. Nd2 Nd6 23. Nxd7 Qxd7 24. Nf3 Bg7 25. Ne5 Qc7 26. Rb1 Nf5 27. Qf2 f6 28. Nf3 Bh6 29. g3 Nd6 30. Qg2 Bg7 31. Rb3 Nc4 32. Re1 Qb8 33. Re2 Rc7 34. Qh3 Qc8 35. Rb1 Nd6 36. a4 Ne4 37. Rb3 a6 38. Bb2 axb5 39. axb5 Bf8 40. Qf1 Qa8 41. Re1 Bc8 42. Ra1 Ra7 43. Rxa7 Qxa7 44. Ba3 Bb7 45. Bxf8 Rxf8 46. Qe1 Qa4 47. Qb4 Qxb4 48. Rxb4 Ra8 49. g4 h6 50. h4 Kg7 51. Kg2 Ra3 52. Rb1 Nc3 53. Re1 Bc8 54. g5 Ne4 55. gxf6+ Kxf6 56. Ne5 Ra4 57. Kf3 Rxd4 58. Ra1 Nc5 59. Ra8 Nxd3 60. cxd3 Kf5 61. Ke3 Rxf4 62. Nc6 d4+ 63. Nxd4+ Rxd4 64. Kxd4 e5+ 65. Ke3 Bd7 66. Rf8+ Kg4 67. Rf6 Bxb5 68. Rxb6 Be8 69. Re6 Bf7 70. Rxe5 Kxh4 71. d4 Bb3 72. Kf2 Kg4 73. d5 Kf4 74. d6 Ba4 75. Re7 1-0

[Event "First Saturday 2007 febbraio GM"]
[Site "Budapest UNG"]
[Date "2007.02.12"]
[Round "9"]
[White "Kosic, Dragan"]
[Black "Krivokapic, Marko"]
[Result "1-0"]
[WhiteElo "2504"]
[BlackElo "2342"]
[PlyCount "77"]
[EventDate "2007.02.04"]
[Source "www.chesslib.no"]
[SourceDate "2004.05.04"]

1. d4 d5 2. Nf3 Nf6 3. e3 e6 4. Bd3 c5 5. b3 Nc6 6. Bb2 Be7 7. O-O O-O 8. c4 cxd4 9. exd4 Nb4 10. Be2 b6 11. Ne5 Bb7 12. Nc3 dxc4 13. bxc4 Rc8 14. Re1 Qc7 15. Qb3 Rfd8 16. Rad1 Nc6 17. Nxc6 Qxc6 18. d5 exd5 19. cxd5 Qc5 20. Bf3 Bf8 21. Nb5 Ba6 22. Bxf6 gxf6 23. Nxa7 Bc4 24. Qc3 Bxd5 25. Qxf6 Bg7 26. Qh4 Ra8 27. Bxd5 Rxd5 28. Rc1 Re5 29. Red1 Rd5 30. Rf1 Qd4 31. Qg3 Rc5 32. Nc6 Qd7 33. Nb4 Qd2 34. Rb1 Rc4 35. Qf3 Rac8 36. Nd5 Re8 37. Nxb6 Rc2 38. a4 Bd4 39. Rbd1 1-0

[Event "It (Open) Bar SCG"]
[Site "?"]
[Date "2006.03.20"]
[Round "3"]
[White "Kosic Dragan"]
[Black "Krivokapic Marko"]
[Result "1-0"]
[WhiteElo "2489"]
[BlackElo "2352"]
[PlyCount "85"]
[EventDate "2006.??.??"]
[Source "www.chesslib.no"]
[SourceDate "2004.05.04"]

1. d4 d5 2. Nf3 Nf6 3. e3 e6 4. Bd3 b6 5. b3 Bb7 6. O-O Nbd7 7. Bb2 Bd6 8. c4 O-O 9. cxd5 exd5 10. Nc3 a6 11. Rc1 Ne4 12. Ne2 Qe7 13. Ng3 f5 14. Rc2 Rf7 15. Qe2 a5 16. Bb5 Raf8 17. Rfc1 Nb8 18. Ne5 Bxe5 19. dxe5 c5 20. Nh5 Ng5 21. f4 Ne4 22. Rd1 Qe6 23. Bd3 Nc6 24. a3 Rd7 25. h3 Ne7 26. Kh2 h6 27. g4 Kh7 28. Bxe4 dxe4 29. Rxd7 Qxd7 30. Rd2 Qe6 31. Qg2 fxg4 32. hxg4 Bc6 33. b4 axb4 34. axb4 Qb3 35. b5 Bd5 36. f5 Qxe3 37. f6 gxf6 38. exf6 Qg5 39. fxe7 Qh4+ 40. Qh3 Rf2+ 41. Rxf2 Qxf2+ 42. Qg2 Qh4+ 43. Kg1 1-0

[Event "USA Masters"]
[Site "Chicago, IL USA"]
[Date "1990.??.??"]
[Round "6"]
[White "Taylor, Timothy"]
[Black "Rachels, Stuart C"]
[Result "0-1"]
[WhiteElo "2455"]
[BlackElo "2380"]
[PlyCount "74"]
[EventDate "1990.??.??"]
[Source "www.chesslib.no"]
[SourceDate "2004.05.04"]

1. d4 d5 2. Nf3 Nf6 3. e3 e6 4. Bd3 c5 5. O-O Nc6 6. Nbd2 cxd4 7. exd4 Bd6 8. c3 O-O 9. Re1 Qc7 10. Qe2 Nd7 11. h3 Re8 12. Nf1 e5 13. dxe5 Ndxe5 14. Bf4 Bd7 15. Bxe5 Nxe5 16. Ne3 Nc4 17. Bxc4 dxc4 18. Red1 Bc5 19. Nd4 b5 20. a4 a6 21. axb5 axb5 22. Rxa8 Rxa8 23. Qh5 Re8 24. Qd5 g6 25. Qg5 Re5 26. Qf6 Be7 27. Qa6 Kg7 28. Qa8 Bc5 29. Qf3 h5 30. Qg3 Ba7 31. Ndf5+ Bxf5 32. Nxf5+ Kh7 33. Nd6 Re2 34. Kh1 Rxf2 35. Qh4 Qxd6 36. Rxd6 Rf1+ 37. Kh2 Bg1+ 0-1

[Event "ARG Ch sf"]
[Site "Argentina"]
[Date "1991.??.??"]
[Round "4"]
[White "Rubinetti, Jorge A"]
[Black "Servat, Roberto"]
[Result "1-0"]
[WhiteElo "2440"]
[BlackElo "2395"]
[PlyCount "55"]
[EventDate "1991.??.??"]
[Source "www.chesslib.no"]
[SourceDate "2004.05.04"]

1. d4 d5 2. Nf3 Nf6 3. e3 e6 4. Bd3 c5 5. O-O Be7 6. c3 Nbd7 7. Nbd2 b6 8. Ne5 Nxe5 9. dxe5 Nd7 10. f4 Bb7 11. Qe2 f5 12. exf6 Nxf6 13. Bb5+ Kf8 14. Nf3 g6 15. Bd2 Kg7 16. Be1 Ne4 17. Rd1 Bf6 18. Bd3 Qe7 19. g4 h6 20. h4 Kh7 21. Qh2 Bg7 22. h5 gxh5 23. Qxh5 Bc6 24. Bh4 Qe8 25. Ng5+ Kg8 26. Nxe4 dxe4 27. Bc4 Qxh5 28. gxh5 1-0

[Event "Itau Cup 6th"]
[Site "Sao Paulo"]
[Date "2002.09.29"]
[Round "3"]
[White "Ramon, Vivian"]
[Black "Korneev, Oleg"]
[Result "0-1"]
[WhiteElo "2251"]
[BlackElo "2583"]
[PlyCount "88"]
[EventDate "2002.09.28"]
[Source "ChessBase"]
[SourceDate "2002.11.06"]

1. d4 d5 2. Nf3 Nf6 3. e3 e6 4. Bd3 c5 5. b3 Nc6 6. Bb2 Be7 7. Nbd2 O-O 8. a3 b6 9. Ne5 Bb7 10. O-O Rc8 11. f4 Rc7 12. Qe2 g6 13. g4 Nxe5 14. dxe5 Ne4 15. Nxe4 dxe4 16. Bc4 Rd7 17. Rad1 Rxd1 18. Rxd1 Qc8 19. Rf1 Rd8 20. f5 b5 21. Bxb5 exf5 22. gxf5 gxf5 23. Rf2 Qe6 24. Qh5 h6 25. Rxf5 a6 26. Bc4 Bd5 27. Be2 a5 28. Rf6 Bxf6 29. exf6 Kh7 30. Bg4 Rg8 31. h3 Qd7 32. Kf2 Be6 33. Bxe6 Qxe6 34. Bc3 Rg5 35. Qh4 Qf5+ 36. Qf4 Qg6 37. Ke2 Rg3 38. Kd2 Rxh3 39. Kc1 Rf3 40. Qe5 Qg1+ 41. Kb2 Qxe3 42. Bxa5 Qd4+ 43. Bc3 Qxe5 44. Bxe5 e3 0-1

[Event "Brno"]
[Site "?"]
[Date "2006.07.07"]
[Round "9"]
[White "Popchev Milko"]
[Black "Petr Martin"]
[Result "1/2-1/2"]
[WhiteElo "2415"]
[BlackElo "2416"]
[PlyCount "143"]
[EventDate "2006.??.??"]
[Source "www.chesslib.no"]
[SourceDate "2004.05.04"]

1. d4 d5 2. Nf3 Nf6 3. e3 e6 4. Bd3 c5 5. O-O Nbd7 6. b3 Be7 7. Bb2 b6 8. Nbd2 Bb7 9. Ne5 O-O 10. Qf3 cxd4 11. exd4 Nxe5 12. dxe5 Nd7 13. Qh3 h6 14. c4 Nc5 15. Bc2 d4 16. Rad1 d3 17. Bb1 Qd7 18. Nf3 Be4 19. Nd4 Rad8 20. Qe3 Qb7 21. f3 Bg6 22. Ba1 a5 23. Kh1 Rd7 24. Nb5 Rfd8 25. Bc3 Na6 26. a3 Nc7 27. Nd6 Bxd6 28. exd6 Rxd6 29. Rd2 Qc6 30. Be5 R6d7 31. Rfd1 Na6 32. Ba2 b5 33. Bb2 bxc4 34. Qe5 f6 35. Qxa5 cxb3 36. Bxb3 Nc5 37. Ba2 Qd6 38. Bc3 Nb7 39. Qb5 Bf7 40. Bb4 Qd4 41. h3 Qe3 42. Bb1 Bg6 43. Qc6 e5 44. Ba2+ Bf7 45. Be6 Bxe6 46. Qxe6+ Kh8 47. Be7 Nc5 48. Qb6 Rc8 49. Bxc5 Rxc5 50. a4 f5 51. Qe6 Qd4 52. Qxf5 Rc3 53. a5 Rd8 54. a6 Ra3 55. Qf7 Qd7 56. Qc4 Qd4 57. Qb5 Qa4 58. Qb6 Qa5 59. Qxa5 Rxa5 60. Rxd3 Rxd3 61. Rxd3 Rxa6 62. Rd8+ Kh7 63. Re8 Ra5 64. Re6 Kg8 65. Re7 Kf8 66. Rb7 Ra1+ 67. Kh2 Re1 68. Kg3 Re2 69. h4 h5 70. Kh2 g6 71. Kg1 e4 72. fxe4 1/2-1/2

[Event "Capablanca mem-B"]
[Site "Matanzas"]
[Date "1992.??.??"]
[Round "2"]
[White "Remon, Adelquis"]
[Black "Antunes, Antonio"]
[Result "0-1"]
[WhiteElo "2365"]
[BlackElo "2465"]
[PlyCount "140"]
[EventDate "1992.05.??"]
[Source "ChessBase"]

1. d4 d5 2. Nf3 Nf6 3. e3 e6 4. Bd3 c5 5. O-O Be7 6. b3 O-O 7. Bb2 b6 8. Qe2 Bb7 9. Nbd2 Nbd7 10. Rfd1 Qc7 11. Rac1 Rac8 12. c4 Qb8 13. cxd5 Nxd5 14. Bb1 cxd4 15. Nxd4 Rxc1 16. Rxc1 Rc8 17. Nc4 N5f6 18. Nd2 Rxc1+ 19. Bxc1 Nc5 20. Bb2 Qc8 21. f3 Ba6 22. Qd1 Nd5 23. e4 Nf4 24. Nc4 Bxc4 25. bxc4 Bf6 26. g3 Ng6 27. f4 e5 28. Nf5 Qd8 29. Qxd8+ Bxd8 30. fxe5 Bc7 31. Nd6 Nd7 32. e6 fxe6 33. Nb5 Bb8 34. Bc2 a6 35. Nc3 Be5 36. Kf2 Bd4+ 37. Ke2 Nge5 38. Na4 Bxb2 39. Nxb2 Kf7 40. h3 Ke7 41. Ke3 Kd6 42. Ba4 Nf6 43. Bd1 Nfd7 44. Kd4 Nc6+ 45. Ke3 Nde5 46. Be2 Nb4 47. Na4 Nxa2 48. Nxb6 Kc5 49. Na4+ Kb4 50. Nb2 Nc3 51. Bg4 Nxg4+ 52. hxg4 Kb3 53. Nd3 Kxc4 54. Nf4 a5 55. Nxe6 a4 56. Kd2 Nxe4+ 57. Kc2 g6 58. Kb2 Kb4 59. Ka2 Nc3+ 60. Ka1 Kb3 61. Nd4+ Kc4 62. Ne6 Ne4 63. Ka2 Kd5 64. Nf4+ Ke5 65. Ka3 Nxg3 66. Nh3 h6 67. Kxa4 Ke4 68. Kb4 Kf3 69. g5 h5 70. Kc4 Ne2 0-1

[Event "France"]
[Site "?"]
[Date "2004.04.03"]
[Round "6"]
[White "Wirig Anthony"]
[Black "Guidarelli Laurent"]
[Result "1/2-1/2"]
[WhiteElo "2408"]
[BlackElo "2422"]
[PlyCount "30"]
[EventDate "2004.??.??"]
[Source "www.chesslib.no"]
[SourceDate "2004.05.04"]

1. d4 d5 2. Nf3 Nf6 3. e3 e6 4. Bd3 c5 5. c3 Nbd7 6. Nbd2 Bd6 7. O-O O-O 8. Re1 e5 9. e4 h6 10. exd5 exd4 11. Nc4 Bb8 12. cxd4 Nxd5 13. Bb1 cxd4 14. Qxd4 N7f6 15. Bd2 Nf4 1/2-1/2

[Event "41th ch-IND"]
[Site "Calcuta "]
[Date "2003.12.20"]
[Round "23"]
[White "Koneru, Humpy"]
[Black "Singh, S Vikramjit"]
[Result "1-0"]
[WhiteElo "2485"]
[BlackElo "2342"]
[PlyCount "85"]
[EventDate "2003.12.04"]
[Source "Roberto Alvarez"]
[SourceDate "2003.12.22"]

1. d4 d5 2. Nf3 Nf6 3. e3 e6 4. Bd3 Nbd7 5. b3 c5 6. O-O Bd6 7. Bb2 O-O 8. Nbd2 Qc7 9. c4 b6 10. cxd5 exd5 11. Rc1 Bb7 12. h3 Rfe8 13. Qc2 Rac8 14. dxc5 bxc5 15. Bf5 Rcd8 16. Rfd1 g6 17. Bxd7 Nxd7 18. Qc3 f6 19. e4 Ne5 20. exd5 Bxd5 21. Re1 Qf7 22. Ne4 Nxf3+ 23. Qxf3 Bxe4 24. Rxe4 Rxe4 25. Qxe4 Bf8 26. Qf4 Rd6 27. Bc3 Ra6 28. Rc2 Rd6 29. Qf3 c4 30. b4 Rb6 31. a3 Rd6 32. g3 Rd3 33. Qc6 Rd6 34. Qf3 Qe6 35. Kh2 Qf5 36. Qxf5 gxf5 37. Bb2 Rc6 38. Kg2 a6 39. Kf3 Bh6 40. Bd4 Bf8 41. Kf4 Kf7 42. Kxf5 a5 43. Bc5 1-0

[Event "Torneo Agostino"]
[Site "?"]
[Date "2001.??.??"]
[Round "7"]
[White "Minero Pineda Sergio"]
[Black "Gonzalez Bernal Manuel"]
[Result "1/2-1/2"]
[WhiteElo "2415"]
[BlackElo "2405"]
[PlyCount "23"]
[EventDate "2001.??.??"]
[Source "www.chesslib.no"]
[SourceDate "2004.05.04"]

1. d4 d5 2. Nf3 Nf6 3. e3 e6 4. Bd3 Be7 5. O-O O-O 6. Nbd2 b6 7. c3 c5 8. Re1 Bb7 9. Qc2 Nc6 10. dxc5 Bxc5 11. Nb3 Be7 12. Bd2 1/2-1/2